Maintenance System and Quality Assurance

Bibliographic Details
Main Authors: Göndöcs, Balázs (Author), Sólyomvári, Károly (Author)
Format: Article
Language:English
ISBN:807100961X

MARC

LEADER 00000naa a2200000uu 4500
001 vtls011074801
003 SK-MaSNL
005 20260302111412.0
008 210908|2002 xo |||||||||||||||||eng|
015 |a SNBRA 
035 |a (urnnbn)urn:nbn:sk:snk:ar-a0cdjp 
035 |a (uuid)93203593-6a6f-4375-ad9f-636f80731c49 
035 |a urn:nbn:sk:snk-aavjqf 
040 |a SNKBUCL  |b slo  |c SNKBUCL  |e AACR2 
041 0 |a eng 
044 |a xo  |c SK 
100 1 |a Göndöcs, Balázs  |4 aut  |9 788794 
245 1 0 |a Maintenance System and Quality Assurance  |c Balázs Göndöcs, Károly Sólyomvári 
700 1 |a Sólyomvári, Károly  |4 aut  |9 781361 
773 0 |t Národné fórum údržby 2002  |d Žilina : Žilinská univerzita, 2002  |g S. 45-50  |z 807100961X 
958 |a OND 
958 |a article12 
958 |a chapter 
999 |c 1247539  |d 1249469